000 00417nam a2200181Ia 4500
001 17804
005 20260306171544.0
008 260306s9999||||xx |||||||||||||| ||und||
041 _aESP
082 _a658.202
_bS789
100 _aSuzuki, Tokutaro
_eAUT
245 0 _aTPM en industrias de proceso
260 _c1995
300 _a385 p,
_c27 cm.
650 _aGEN
654 _aCAN
942 _cLIB
_dJUS
_fJUS
_2ddc
_n
999 _c17804
_d17804